| 000 | 00961cad a22002775a 4500 | ||
|---|---|---|---|
| 001 | L158441 | ||
| 008 | 121219e2015 xxk 000 0 eng d | ||
| 035 | _a(Sirsi) u158441 | ||
| 041 | 0 | _aeng | |
| 100 | 1 | _aRosenthal, Adam | |
| 245 | 0 | 0 |
_aBalance restored _h[electronic resource] |
| 260 | _c2015 | ||
| 490 |
_aRICS Property Journal _vMarch 2015-April 2015, 32-34(3 ) |
||
| 520 | _aDiscusses ruling on major works consultation requirements. | ||
| 650 | 2 | 4 | _aSERVICE CHARGES |
| 650 | 2 | 4 | _aQUALIFYING WORKS |
| 650 | 2 | 4 | _aLANDLORD AND TENANT ACT 1985 S20 |
| 650 | 2 | 4 | _aMARTIN V MARYLAND ESTATES LTD |
| 650 | 2 | 4 | _aPHILLIPS V FRANCIS |
| 651 | 4 |
_aUnited Kingdom _y |
|
| 690 |
_aLandlord and tenant _96252 |
||
| 690 |
_aProperty management _96262 |
||
| 710 |
_aRoyal Institution of Chartered Surveyors _94900 |
||
| 856 | 4 | 0 |
_uhttps://www.rics.org/uk/news/journals/property-journal _zView the journal free of charge at www.rics.org/journals... |
| 942 | _n0 | ||
| 999 |
_c84599 _d84599 |
||